| 000 | 00341nam a22001217a 4500 | ||
|---|---|---|---|
| 999 |
_c10291 _d10291 |
||
| 003 | OSt | ||
| 008 | 201212b ||||| |||| 00| 0 eng d | ||
| 245 | _aIndian Journal of Industrial Relations | ||
| 250 | _a2017(Jul Vol.53 No.1, Oct Vol.53 No.2) | ||
| 260 |
_aNew Delhi _bShri Ram Centre |
||
| 650 | _aMechanical Engineering | ||
| 942 |
_2ddc _cBV |
||